000
00292nam a22001337a 4500
008
181031b xxu||||| |||| 00| 0 eng d
020
_a
9780070326668
041
_a
eng
080
_a
341
100
_a
15
101
_a
SHJ
245
_a
Logical Self-Defense
_c
Johnson, R.H
942
_2
udc
_c
BK
999
_c
51322
_d
51322